000 00586nam a2200241Ia 4500
003 OSt
005 20220918200505.0
006 a|||||r|||| 00| 0
007 ta
008 220917b |||||||| |||| 00| 0 eng d
024 _a89,016
037 _cTextual
040 _aARTS
_cARTS
_beng
041 _2eng
_aeng
082 _aU25, K24
100 _aSharma R C
_95853
245 0 _aOceanography for geographers
260 _c1962
650 _aGEOGRAPHY
700 _a Vatal M
_994286
942 _hU25, K24
_cTEXL
_2CC
999 _c212686
_d212686